|
|
|
|
| LEADER |
00000nam0a2200000 4500 |
| 001 |
351435 |
| 005 |
20231102010413.0 |
| 035 |
|
|
|a (RuTPU)RU\TPU\retro\6467
|
| 090 |
|
|
|a 351435
|
| 100 |
|
|
|a 20190605d1943 km y0rusy50 ca
|
| 101 |
0 |
|
|a rus
|
| 102 |
|
|
|a RU
|
| 105 |
|
|
|a y z 000zy
|
| 200 |
1 |
|
|a История английской литературы
|h Т. 1, вып. 1
|f Академия наук СССР (АН СССР), Институт мировой литературы им. А. М. Горького (ИМЛИ)
|
| 210 |
|
|
|a Москва
|a Ленинград
|c Изд-во Академии наук СССР
|d 1943
|
| 215 |
|
|
|a 383 с.
|
| 317 |
|
|
|5 63413507: КР-6534
|a Поступила в НТБ в 1987 г. в дар от вдовы ученого Е. К. Завадовской
|
| 606 |
1 |
|
|a Английская литература
|x История и критика английской литературы
|2 stltpush
|3 (RuTPU)RU\TPU\subj\29043
|9 52455
|
| 610 |
1 |
|
|a англосаксонская литература
|
| 610 |
1 |
|
|a средневековая литература
|
| 610 |
1 |
|
|a Англия
|
| 610 |
1 |
|
|a 14 век
|
| 610 |
1 |
|
|a 15 век
|
| 610 |
1 |
|
|a Возрождение
|
| 610 |
1 |
|
|a гуманизм
|
| 610 |
1 |
|
|a философия
|
| 610 |
1 |
|
|a Британия
|
| 610 |
1 |
|
|a рыцарская литература
|
| 610 |
1 |
|
|a народные эпосы
|
| 610 |
1 |
|
|a французская литература
|
| 610 |
1 |
|
|a английская проза
|
| 610 |
1 |
|
|a английские писатели
|
| 610 |
1 |
|
|a библиотека А. А. Воробьева
|
| 610 |
1 |
|
|a дары библиотеке
|
| 675 |
|
|
|a 82(09)
|v 4
|
| 712 |
0 |
2 |
|a Академия наук СССР (АН СССР)
|b Институт мировой литературы им. А. М. Горького (ИМЛИ)
|c (Москва)
|c (1938-1991)
|2 stltpush
|3 (RuTPU)RU\TPU\col\11262
|
| 801 |
|
1 |
|a RU
|b 63413507
|c 20190605
|
| 801 |
|
2 |
|a RU
|b 63413507
|c 20191101
|g RCR
|
| 942 |
|
|
|c BK
|